| 000 | 00679nam a2200193 a 4500 | ||
|---|---|---|---|
| 005 | 20240321063604.0 | ||
| 008 | 991125s1942 mx 000 0 spa u | ||
| 035 | _aUPN01000006045 | ||
| 049 | _aCG | ||
| 050 | 4 |
_aF1231 _bZ8.2 |
|
| 100 | 1 |
_aZurita, Alonso de, _dca. 1512-1585 |
|
| 245 | 1 | 0 |
_aBreve y sumaria relación de los señores de la Nueva España / _cAlonso de Zurita ; pról. y notas de Joaquín Ramírez Cabañas. |
| 260 |
_aMéxico : _bUNAM, _c1942. |
||
| 300 | _axxi, 210 p. | ||
| 440 | 0 |
_aBiblioteca del estudiante universitario ; _v32 |
|
| 651 | 4 |
_aMéxico _xHistoria _yVirreinato, 1535-1821 _918191 |
|
| 651 | 4 |
_aMéxico _xDescripción y viajes _910016 |
|
| 905 | _aLibro | ||
| 999 |
_c6045 _d6045 |
||